The Latter Prophets / (Record no. 23792)

MARC details
000 -LEADER
fixed length control field 00448nam a22001697a 4500
003 - CONTROL NUMBER IDENTIFIER
control field BDDh-ASL
005 - DATE AND TIME OF LATEST TRANSACTION
control field 20231015030304.0
008 - FIXED-LENGTH DATA ELEMENTS--GENERAL INFORMATION
fixed length control field 210405s1958 enk||||| |||| 00| 0 eng d
040 ## - CATALOGING SOURCE
Original cataloging agency BDDh-ASL
Transcribing agency BDDh-ASL
082 ## - DEWEY DECIMAL CLASSIFICATION NUMBER
Classification number 922.9163
Item number HEL
100 1# - MAIN ENTRY--PERSONAL NAME
9 (RLIN) 3624
Personal name Henshaw, T.
245 14 - TITLE STATEMENT
Title The Latter Prophets /
260 ## - PUBLICATION, DISTRIBUTION, ETC.
Place of publication, distribution, etc. London:
Name of publisher, distributor, etc. George Allen & Unwin Ltd.,
Date of publication, distribution, etc. 1958.
300 ## - PHYSICAL DESCRIPTION
Extent 341 p. :
Dimensions 22 cm.
650 #0 - SUBJECT ADDED ENTRY--TOPICAL TERM
9 (RLIN) 1339
Topical term or geographic name entry element Biography
942 ## - ADDED ENTRY ELEMENTS (KOHA)
Source of classification or shelving scheme Dewey Decimal Classification
Koha item type Books
Holdings
Withdrawn status Lost status Source of classification or shelving scheme Damaged status Not for loan Collection code Home library Current library Shelving location Date acquired Source of acquisition Total Checkouts Full call number Barcode Date last seen Copy number Price effective from Koha item type Public note
    Dewey Decimal Classification     Non-fiction Asiatic Society Library Asiatic Society Library General Stacks 04/05/2021 ASB Library Collections   922.9163 HEL 108322 04/05/2021 C-1 04/05/2021 Books Rare

Powered by Koha